Knowledge, space, economy (Record no. 29173)
[ view plain ]
| 000 -LEADER | |
|---|---|
| fixed length control field | 01366nam a2200361Ia 4500 |
| 245 00 - TITLE STATEMENT | |
| Title | Knowledge, space, economy |
| 260 ## - PUBLICATION, DISTRIBUTION, ETC. (IMPRINT) | |
| Place of publication | London ; |
| -- | New York : |
| Name of publisher | Routledge, |
| Year of publication | 2000. |
| 300 ## - PHYSICAL DESCRIPTION | |
| Number of Pages | xvi, 328 p. : |
| Other physical details | ill., maps. |
| 650 #0 - SUBJECT ADDED ENTRY--TOPICAL TERM | |
| Topical Term | Economic geography. |
| Topical Term | Space in economics. |
| Topical Term | Industrial location. |
| Topical Term | Marketing channels. |
| Topical Term | Knowledge management. |
| Topical Term | Information technology |
| Topical Term | Competition. |
| 700 1# - ADDED ENTRY--PERSONAL NAME | |
| Personal name | Bryson, J. R., |
| 856 40 - ELECTRONIC LOCATION AND ACCESS | |
| Uniform Resource Identifier | http://site.ebrary.com/lib/rucke/Doc?id=10017817 |
No items available.
